000
00376nam a2200145Ia 4500
008
100122s9999 xx 000 0 und d
082
_b
29743
_a
823
100
_a
साबणे मधू
245
_a
घरदार
260
_b
प्रास प्रकाशन
_c
1905
300
_a
144
630
_a
घरदार
730
_a
घरदार
942
_c
BOOK
999
_c
414865
_d
414862